| 000 | 00349nam a22001457a 4500 | ||
|---|---|---|---|
| 082 |
_aS 294.592 14 _bSAN/Y |
||
| 100 | _aSantaram Sastri | ||
| 245 |
_aYajurvedatmak kavyam/ _cby Santaram Sastri |
||
| 260 |
_aPunjab: _bNyutaon, _c1996. |
||
| 300 | _a110p. | ||
| 650 | _aYajurveda | ||
| 650 | _aVedic Literature | ||
| 650 | _aReligion | ||
| 942 | _cBK | ||
| 999 |
_c175995 _d175995 |
||